000 00382nam a2200157Ia 4500
008 221030s9999 xx 000 0 und d
020 _a8170299144
041 _aEnglish
082 _a105.23
_bUpa
100 _aA. Upadhyay
245 2 _aA Complete guide to SMPS For PC
_cby A. Upadhyay
260 _bBPB Pub
_aNew Delhi
_c2002
300 _a85
650 _aBE Computer
942 _cBK
999 _c648
_d648